000 00311 a2200145 4500
001 185270
020 _a
040 _cMagnum
100 _aRegina, Tia
240 1 0 _aO negrinho do pastoreio
_lpor
245 1 0 _aO negrinho do pastoreio
300 _a15
697 _aLITERATURA INFANTO-JUVENIL
942 _cBK
999 _c185270
_d185270